000 00317nam a2200145Ia 4500
003 OSt
005 20230717101305.0
008 170524s9999 xx 000 0 und d
040 _cIIMT UNIVERSITY
100 _aSingh U K
245 0 _aEngineering Machanics
260 _bKrishana
260 _c2009
942 _2ddc
_c02
999 _c5673
_d5673